Sweet Misery: A Poisoned World (Record no. 335092)
[ view plain ]
| 000 -LEADER | |
|---|---|
| fixed length control field | 00551nam a2200097Ia 4500 |
| 008 - FIXED-LENGTH DATA ELEMENTS--GENERAL INFORMATION | |
| fixed length control field | 170517s9999 xx 000 0 und d |
| 245 ## - TITLE STATEMENT | |
| Title | Sweet Misery: A Poisoned World |
| 300 ## - PHYSICAL DESCRIPTION | |
| Extent | Aspartame is an artificial sweetener, an additive. And it's a chemical. It's not a natural product, it's a chemical. The molecule is made up of three components. Two are amino acids, the so-called building blocks of protein. One is called Phenylalanine, which is about... |
| 650 ## - SUBJECT ADDED ENTRY--TOPICAL TERM | |
| General subdivision | Technology. |
| 856 ## - ELECTRONIC LOCATION AND ACCESS | |
| Uniform Resource Identifier | <a href="http://topdocumentaryfilms.com/sweet-misery-a-poisoned-world/">http://topdocumentaryfilms.com/sweet-misery-a-poisoned-world/</a> |
| Withdrawn status | Lost status | Damaged status | Home library | Current library | Date acquired | Total Checkouts | Date last seen | Price effective from | Koha item type |
|---|---|---|---|---|---|---|---|---|---|
| College Library | College Library | 05/17/2017 | 05/17/2017 | 05/17/2017 | Documentary Films |